Fr. Conceicao Rodrigues College of Engineering

Theory of Metal Cutting (Record no. 19428)

MARC details
000 -LEADER
fixed length control field 00253nam a2200121Ia 4500
100 ## - MAIN ENTRY--PERSONAL NAME
Personal name Black/ Paul.H
245 ## - TITLE STATEMENT
Title Theory of Metal Cutting
260 ## - PUBLICATION, DISTRIBUTION, ETC.
Name of publisher, distributor, etc. McGraw Hill
Date of publication, distribution, etc. 2001
300 ## - PHYSICAL DESCRIPTION
Extent 204
546 ## - LANGUAGE NOTE
Language note ENGLISH
654 ## - SUBJECT ADDED ENTRY--FACETED TOPICAL TERMS
Focus term Metal Cutting
942 ## - ADDED ENTRY ELEMENTS (KOHA)
Koha item type BOOK
Holdings
Withdrawn status Lost status Damaged status Not for loan Collection Home library Current library Date acquired Cost, normal purchase price Inventory number Total Checkouts Full call number Barcode Date last seen Cost, replacement price Price effective from Koha item type
        AFT Fr. Agnel's C.Rodrigues College of Engineering Fr. Agnel's C.Rodrigues College of Engineering 17/03/2023 90.40 776   AFT624 17/03/2023 90.40 17/03/2023 BOOK
        AFT Fr. Agnel's C.Rodrigues College of Engineering Fr. Agnel's C.Rodrigues College of Engineering 17/03/2023 90.40 776   AFT625 17/03/2023 90.40 17/03/2023 BOOK